Μεθοδολογία οργάνωσης προγράμματος ανακύκλωσης για το Δήμο Μυτιλήνης : πτυχιακή εργασία

Αποθηκεύτηκε σε:
Λεπτομέρειες βιβλιογραφικής εγγραφής
Κύριος συγγραφέας: Δέρβα, Βικτωρία
Συγγραφή απο Οργανισμό/Αρχή: Πανεπιστήμιο Αιγαίου. Σχολή Περιβάλλοντος. Τμήμα Περιβάλλοντος
Άλλοι συγγραφείς: Χαλβαδάκης, Κωνσταντίνος Π. (dgs [Επιβλέπων καθηγητής])
Μορφή: Thesis Βιβλίο
Γλώσσα:Greek
Δημοσίευση: 2000.
Θέματα:
Διαθέσιμο Online:http://hdl.handle.net/11610/10225
Ετικέτες: Προσθήκη ετικέτας
Δεν υπάρχουν, Καταχωρήστε ετικέτα πρώτοι!

MARC

LEADER 00000cam a2200000 i 4500
001 1/16470
008 010131s2000 gre d
035 |l 10065784 
040 |a GR-MY-UA  |b gre  |e aacr 
041 0 |a gre 
082 0 |a 363.7282  |2 (22) 
100 1 |a Δέρβα, Βικτωρία. 
245 1 0 |a Μεθοδολογία οργάνωσης προγράμματος ανακύκλωσης για το Δήμο Μυτιλήνης :   |b πτυχιακή εργασία /   |c Δέρβα Βικτωρία ; επιβλέπων καθηγητής Χαλβαδάκης Κ. Π.  
260 |c 2000.  
300 |a v-9 :   |b πιν. ;   |c 30 εκ.  
502 |a Πτυχιακή εργασία - Πανεπιστήμιο Αιγαίου, Λέσβος, 2000.  
504 |a Περιέχει βιβλιογραφία.  
650 0 0 |a Recycling (Waste, etc.)  |x Planning. 
650 0 |a Recycling (Waste, etc.)  |z Greece  |z Mytilene (Lesbos) 
650 0 0 |a Dissertations, Academic  |z Greece. 
700 1 |a Χαλβαδάκης, Κωνσταντίνος Π.  |e dgs [Επιβλέπων καθηγητής] 
710 2 |a Πανεπιστήμιο Αιγαίου.   |b Σχολή Περιβάλλοντος.   |b Τμήμα Περιβάλλοντος. 
852 |a INST  |b LESVOS  |c DIATR  |e 20010131  |h 645  |p 005100027255  |q 005100027255  |t DIE  |y 23 
852 |a INST  |b LESVOS  |c DIATR  |e 20010131  |h 646  |p 005100027254  |q 005100027254  |t DIE  |y 23 
856 |u http://hdl.handle.net/11610/10225 
901 |a BIBL1-2001-1 
909 |a Λ  |b 084813 
909 |a Λ  |b 084814 
924 |a ΔΕΡΒΑ  |b ΒΙΚΤΩΡΙΑ  |y ΛΕΣΒΟΣ  |z 2001-01 
970 |a ΚΑΜΑΤΣΟΥ  |b ΔΕΣΠΟΙΝΑ  |z 2001/01/31